| 000 | 00614nam a2200205 a 4500 | ||
|---|---|---|---|
| 005 | 20240924064552.0 | ||
| 008 | 991125s1968 gle 000 0 eng u | ||
| 035 | _aUPN01000052866 | ||
| 049 | _aCG | ||
| 050 | 4 |
_aLB1143 _bB3.8 no.1 |
|
| 100 | 1 | _aMarshall, J. Stanley | |
| 245 | 1 | 0 |
_aScience is fun / _cJ. Stanley Marshall, Wilbur L. Beauchamp. |
| 260 |
_aGlenview (E.U.A.) : _bScott Foresman, _c1968. |
||
| 300 |
_a112 p. : _btodas il |
||
| 440 | 4 |
_aThe basic science program ; _v1 |
|
| 650 | 4 |
_aEducación preescolar _91517 |
|
| 700 | 1 |
_aBeauchamp, Wilbur L., _ecoaut. |
|
| 905 | _aLibro | ||
| 999 |
_c52866 _d52866 |
||